A potential wave of recovery (Record no. 73795)

MARC details
000 -LEADER
fixed length control field 01387cam a2200265 4500
001 - CONTROL NUMBER
control field ABS67246
008 - FIXED-LENGTH DATA ELEMENTS--GENERAL INFORMATION
fixed length control field 031114n2003 000 0 eng u
035 ## - SYSTEM CONTROL NUMBER
System control number (Sirsi) u124331
100 ## - MAIN ENTRY--PERSONAL NAME
Personal name Smulian, M.
245 #2 - TITLE STATEMENT
Title A potential wave of recovery
260 ## - PUBLICATION, DISTRIBUTION, ETC.
Date of publication, distribution, etc. 2003
490 ## - SERIES STATEMENT
Series statement Planning (for the Natural and Built Environment)
Volume/sequential designation 7 November 2003, 14-15(2)
520 ## - SUMMARY, ETC.
Summary, etc. Research undertaken by Sheffield Hallam University "The seaside economy" reveals that coastal towns have adapted well to economic and social changes. Assesses the value of tourism and the move away from the traditional British holiday to conference, trade, short breaks and day trips. Statistics reveal that in the last 30 years, 360 000 people of working age have moved to the coastal towns. Poor public transport and road links and quality of housing are highlighted as the main problems facing resorts. EU funding has also helped enhance the prospects of some resorts such as Southport and Cleethorpes. Southend-on-Sea is heavily dependant on the day-trip trade.
590 ## - LOCAL NOTE (RLIN)
Local note ABS
650 ## - SUBJECT ADDED ENTRY--TOPICAL TERM
Topical term or geographic name entry element COASTAL TOWNS
650 ## - SUBJECT ADDED ENTRY--TOPICAL TERM
Topical term or geographic name entry element SEASIDE RESORTS
650 ## - SUBJECT ADDED ENTRY--TOPICAL TERM
Topical term or geographic name entry element TOURISM
650 ## - SUBJECT ADDED ENTRY--TOPICAL TERM
Topical term or geographic name entry element PUBLIC TRANSPORT
650 ## - SUBJECT ADDED ENTRY--TOPICAL TERM
Topical term or geographic name entry element HOUSING
650 ## - SUBJECT ADDED ENTRY--TOPICAL TERM
Topical term or geographic name entry element PROPERTY-INFRASTRUCTURE-TRANSPORT INFRASTRUCTURE-ROAD INFRASTRUCTURE
650 ## - SUBJECT ADDED ENTRY--TOPICAL TERM
Topical term or geographic name entry element JOBS CREATION
650 ## - SUBJECT ADDED ENTRY--TOPICAL TERM
Topical term or geographic name entry element REGENERATION
690 ## - LOCAL SUBJECT ADDED ENTRY--TOPICAL TERM (OCLC, RLIN)
Topical term or geographic name as entry element ECONOMIC ISSUES
942 ## - ADDED ENTRY ELEMENTS (KOHA)
Suppress in OPAC 0
Holdings
Withdrawn status Lost status Source of classification or shelving scheme Damaged status Not for loan Home library Current library Shelving location Date acquired Total Checkouts Full call number Barcode Date last seen Copy number Price effective from Koha item type
    Dewey Decimal Classification     London London Journal article 14/11/2003   ABS67246 124331-1001 06/08/2019 1 06/08/2019 Journal article